Répondez avec des départements - Statistiques

Statistiques générales
  • Ce quiz a été pris 8 569 fois
    8 451 depuis la dernière actualisation
  • Le résultat moyen est 8 sur 20
Statistiques - réponses
Indice Département % Correct
Un balai en a un, une chemise en a deux Manche
91%
Moment de la journée qui survient avant l'aurore Aube
82%
Dispositif d'arbitrage vidéo utilisé au football Var
76%
Cinquième fromage AOP le plus vendu en France Cantal
67%
En mathématiques, on peut la noter Σ Somme
65%
Ville d'origine de la reine Marie-Antoinette Vienne
58%
Prince troyen qui enleva Hélène dans la mythologie grecque Paris
50%
On peut également le désigner sous le nom de septentrion Nord
47%
Canton suisse le plus récent, créé en 1979 Jura
39%
Pour obtenir du bronze, il faut ____ du cuivre et de l'étain Allier
34%
Chanteuse californienne indissociable de son mari Sonny Cher
34%
Ce que fait celui qui n'a pas de pistolet chargé, selon Le Bon, la Brute et le Truand Creuse
28%
Prénom féminin notamment porté par la fiancée de Roland, dans La Chanson de Roland Aude
18%
Nom donné au Ghana pendant l'ère coloniale (quasiment) Côte-d'Or
18%
Les cadres y passent en moyenne 24 jours par an La Réunion
16%
Adjectif décrivant une femme bien en chair Gironde
15%
Terrain étendu caractérisé par un sol pauvre Landes
15%
Personnage biblique dont la femme fut transformée en sel Lot
13%
Roche, à mi-chemin entre le calcaire et l'argile Marne
9%
Ensemble des embarcations de sauvetage à bord d'un navire Drôme
3%
Aucun quiz correspondant
Distribution des résultats
% des personnes avec chaque résultat
Percentile par nombre de réponses
Votre historique - résultats
Vous n’avez pas pris ce quiz depuis la dernière actualisation